FC 24 Team of the Group Stage - Statistics

General Stats
  • This quiz has been taken 24 times
    21 since last reset
  • The average score is 16 of 26
Answer Stats
rat pos club player % Correct
UCL TOTGS 90 ST Atlético Madrid Antoine Griezmann
100%
UCL TOTGS 91 RW Arsenal Bukayo Saka
100%
UCL TOTGS 93 ST Bayern Munich Harry Kane
100%
UCL TOTGS 91 LW Paris Saint-Germain Kylian Mbappé
100%
UCL TOTGS 89 CAM Real Madrid Jude Bellingham
88%
UCL TOTGS 90 CAM Bayern Munich Jamal Musiala
82%
UCL TOTGS 86 GK Newcastle United Nick Pope
82%
UCL TOTGS 88 CF Manchester City Julián Álvarez
76%
UCL TOTGS 88 ST Real Madrid Rodrygo
76%
UCL TOTGS 88 LW AC Milan Rafael Leão
71%
UCL TOTGS 89 CM Inter Milan Nicolò Barella
65%
UCL TOTGS 88 CB Borussia Dortmund Mats Hummels
59%
UCL TOTGS 87 ST FC Porto Mehdi Taremi
59%
UCL TOTGS 87 RB Napoli Giovanni Di Lorenzo
53%
UCL TOTGS 89 RB FC Barcelona João Cancelo
53%
UEL TOTGS 88 RB Marseille Jonathan Clauss
53%
UCL TOTGS 87 CAM Manchester City Phil Foden
53%
UEL TOTGS 87 ST Bayer Leverkusen Victor Boniface
53%
UCL TOTGS 85 LB RB Leipzig David Raum
47%
UEL TOTGS 86 LM SC Freiburg Vincenzo Grifo
47%
UCL TOTGS 86 RW Galatasaray Hakim Ziyech
41%
UCL TOTGS 89 CM Lazio Luis Alberto
41%
UEL TOTGS 86 CM Liverpool Ryan Gravenberch
41%
UCL TOTGS 88 CB Real Sociedad Igor Zubeldia
24%
UCL TOTGS 85 CDM PSV Eindhoven Jerdy Schouten
24%
UECL TOTGS 85 CB Fiorentina Luca Ranieri
24%
No matching quizzes found
Score Distribution
Percent of People with Each Score
Percentile by Number Answered
Your Score History
You have not taken this quiz since the last reset